01436nam a22003737a 4500003000500000005001700005008004100022010001000063011001000073035001000083040000900093090001000102100003600112245014900148260004100297300001000338502010500348590003700453590004100490590004100531590004100572590004100613590004100654590004200695650003400737650004300771650003500814650001700849901000700866942001000873949003500883999001700918952012700935CHAP20220329135143.0971013s1983 r 00010 d a31775 a32747 a36862 cCHAP aTesis00aLópez Díaz, Gerardo.967830 aPrueba de campo para retardar la brotación de las yemas de vid (Vitis vinifera L.) utilizando ácido giberélico y ácido naftalenacético a(Monterrey, N.L.) :bEl autor,c1983 a56 h. aTesis (Ing. Agr. en Producción Agropecuaria) -- ITESM. Div. de Ciencias Agopecuarias y Marítimas aALEPHb10c20130110lUCH01h1254 aBATCH-UPDb10c20130109lUCH01h2359 aBATCH-UPDb10c20130110lUCH01h1434 aBATCH-UPDb10c20130409lUCH01h1933 aBATCH-UPDb10c20130410lUCH01h0909 aBATCH-UPDb10c20130913lUCH01h1907 aCONVERSIONb10c20130109lUCH01h131814aAcido naftalenacético.959314aPlantasxCrecimientoxAditivos.98880414aSemillasxRendimiento.910393014aVid.9119097 aBK cTESIS bBCcTESd-84748eTS1i36862si c31775d31775 00102local4051708TESISaBCbBCcPA_TESISd2012-12-17fTESISl0oTesisp-84748r2019-12-31 00:00:00w2019-12-31yTESIS